000 00592nam a22001817a 4500
005 20140925131209.0
010 _aENG-110906
020 _a9789351431992
_c1695.00
035 _aEN-94438
037 _bDBAD/PUB
245 _aTransfer pricing comparables :
_binsight into IT and ITeS /
_cforward by Parthasarathi Shome [and] B M Singh
260 _aGurgaon
_bLexis Nexis
_c2014
270 _a14th Floor, Building No.10, Tower-B, DLF Cyber City, Phase-II
_bGurgaon
_e122002
300 _axxx,1110p.
_c24cm(Hb)
700 _aShome, Parthasarathi
700 _aSingh, B M
942 _2ddc
_cEN
_mTRA
999 _c88817
_d88817